Normal view
MARC view
- العرب- تراجم، العرب - تاريخ- القرن العشرون
Entry Topical Term
001 - CONTROL NUMBER
- control field: 8815
003 - CONTROL NUMBER IDENTIFIER
- control field: JO-AjAnu
005 - DATE AND TIME OF LATEST TRANSACTION
- control field: 20230606071724.0
008 - FIXED-LENGTH DATA ELEMENTS
- fixed length control field: 230606|| aca||aabn | a|a d
040 ## - CATALOGING SOURCE
- Original cataloging agency: JO-AjAnu
- Transcribing agency: JO-AjAnu
150 ## - HEADING--TOPICAL TERM
- Topical term or geographic name entry element: العرب- تراجم، العرب - تاريخ- القرن العشرون
670 ## - SOURCE DATA FOUND
- Source citation: Work cat.: (JO-AjAnu)4548: تاليف المؤمن، مكي حبيب، م.مشارك منهل، علي عجيل, author 8814, من طلائع يقطة الامة العربية: عزيز علي المصري، نجيب عازوري، فرح انطوان، شبلي شميل